000 00322nam a2200121Ia 4500
008 180205s9999 xx 000 0 und d
020 _a981253251x
100 _aCutnell, John D.
245 _cJohnson, Kenneth W.
_aPhysics /
250 _a7th ed
260 _aPhilippines
_bC&E publishing
_c2007
300 _avii, 1051 pages
999 _c354735
_d354735